EU Justice and home affairs law / (Record no. 10289)

MARC details
000 -LEADER
fixed length control field 00699nam a22002172 4500
001 - CONTROL NUMBER
control field 0000024457
005 - DATE AND TIME OF LATEST TRANSACTION
control field 20151217152302.0
008 - FIXED-LENGTH DATA ELEMENTS--GENERAL INFORMATION
fixed length control field 131217s xx 000 0 eng d
020 ## - INTERNATIONAL STANDARD BOOK NUMBER
International Standard Book Number 0199659975 :
040 ## - CATALOGING SOURCE
Original cataloging agency KABU
Transcribing agency KABU
100 1# - MAIN ENTRY--PERSONAL NAME
Personal name Peers, Steve.
-- 0000184588
245 10 - TITLE STATEMENT
Title EU Justice and home affairs law /
Statement of responsibility, etc. Steve Peers.
250 ## - EDITION STATEMENT
Edition statement 3rd ed.
260 ## - PUBLICATION, DISTRIBUTION, ETC. (IMPRINT)
Place of publication, distribution, etc. Oxford :
Name of publisher, distributor, etc. O. U. P.,
Date of publication, distribution, etc. 2012.
300 ## - PHYSICAL DESCRIPTION
Extent cxxiii, 983 p.
650 #0 - SUBJECT ADDED ENTRY--TOPICAL TERM
Topical term or geographic name as entry element International trade regulations
Geographic subdivision European Union countries.
-- 0000184589
650 #0 - SUBJECT ADDED ENTRY--TOPICAL TERM
Topical term or geographic name as entry element Freedom of movements
Geographic subdivision European Union countries.
-- 0000184590
852 1# - LOCATION
-- p5400 KES
908 ## - PUT COMMAND PARAMETER (RLIN)
Put command parameter 131217
950 ## - LOCAL HOLDINGS (RLIN)
-- 1
Holdings
Withdrawn status Lost status Source of classification or shelving scheme Not for loan Home library Current library Date acquired Total Checkouts Full call number Barcode Date last seen Price effective from Koha item type
    Library of Congress Classification   Kabarak, Main Campus Kabarak, Main Campus 17/12/2015   KJE5977 .P44 2012 c. 1 016254 17/12/2015 17/12/2015 General Collection
Designed with assistance from East African Informatics Ltd